Fads and foibles in modern, sociology and related sciences (Record no. 1441154)

MARC details
000 -LEADER
fixed length control field 00614nam a2200205Ia 4500
005 - DATE AND TIME OF LATEST TRANSACTION
control field 20250923144618.0
008 - FIXED-LENGTH DATA ELEMENTS--GENERAL INFORMATION
fixed length control field 008 250917s9999 xx 000 0 eng d
037 ## - SOURCE OF ACQUISITION
Stock number Textual
040 ## - CATALOGING SOURCE
Original cataloging agency DSWL
Language of cataloging eng
Transcribing agency DSWL
041 ## - LANGUAGE CODE
Language code of text/sound track or separate title eng
Source of code eng
084 ## - COLON CLASSIFICATION NUMBER
Classification number Y1xM89, J6
Assigning agency DSWL
100 ## - MAIN ENTRY--PERSONAL NAME
Personal name Sorokin, P.A.
9 (RLIN) 826616
245 #0 - TITLE STATEMENT
Title Fads and foibles in modern, sociology and related sciences
Statement of responsibility, etc. by P.A. Sorokin
260 ## - PUBLICATION, DISTRIBUTION, ETC.
Place of publication, distribution, etc. London
Name of publisher, distributor, etc. May & Couries Publishing Co. Ltd.
Date of publication, distribution, etc. 1958
300 ## - PHYSICAL DESCRIPTION
Extent viii,357p.
365 ## - TRADE PRICE
Price type code INR
Price amount 50
925 ## -
-- 50
942 ## - ADDED ENTRY ELEMENTS (KOHA)
Koha item type Textual
Classification part Y1xM89, J6
Holdings
Withdrawn status Lost status Damaged status Not for loan Home library Current library Date acquired Source of acquisition Inventory number Total Checkouts Full call number Barcode Date last seen Price effective from Koha item type
        Department of Social Work Library Department of Social Work Library 2025-09-23 Atma Ram & Sons Delhi Y/2381/58, 04.10.58   Y1xM89, J6 SW0005589 2025-09-23 2025-09-23 Textual
Copyright @ Delhi University Library System